000 00736nam a2200241Ia 4500
003 OSt
005 20220927105005.0
006 a|||||r|||| 00| 0
007 ta
008 220926b |||||||| |||| 00| 0 eng d
024 _a159415
037 _cReference Collections
040 _aRTL
_cRTL
_beng
041 _2eng
_aeng
082 _a"X71 m212, N50. N71, L1.2"
110 _aKERALA (Government of-)
_9356435
245 0 _aBudget
_b Demands for grants and detailed budget estimates
260 _aTrivandrum
_bGovernment of Kerala
_c1971
300 _a805p
_ccm.
700 _aKERALA (Government of-)
_9356437
942 _h"X71 m212, N50. N71, L1.2"
_cCC
999 _c690029
_d690029